Reformy armády a realita v postkomunistických krajinách
Ozbrojené sily v štátoch strednej a východnej Európy sa spamätávajú po období úpadku. Tri fázy vojenských reforiem v krajinách strednej a východnej Európy. Ekonomické aspekty vojenských reforiem.
Enregistré dans:
| Auteur principal: | |
|---|---|
| Format: | Chapitre de livre |
| Langue: | slovaque |
| Sujets: | |
| Tags: |
Pas de tags, Soyez le premier à ajouter un tag!
|
MARC
| LEADER | 00000naa a2200000 4500 | ||
|---|---|---|---|
| 001 | r043677 | ||
| 005 | 20230801095314.4 | ||
| 041 | 0 | |a slo | |
| 044 | |a SK | ||
| 245 | 1 | 0 | |a Reformy armády a realita v postkomunistických krajinách |c Chris Donnelly |
| 520 | |a Ozbrojené sily v štátoch strednej a východnej Európy sa spamätávajú po období úpadku. Tri fázy vojenských reforiem v krajinách strednej a východnej Európy. Ekonomické aspekty vojenských reforiem. | ||
| 610 | 2 | 0 | |a sily ozbrojené |
| 610 | 2 | 0 | |a armáda |
| 610 | 2 | 0 | |a politika bezpečnostná |
| 610 | 2 | 0 | |a stredná Európa |
| 610 | 2 | 0 | |a východná Európa |
| 100 | 1 | |a Donnelly, Chris | |